• 首页
  • 本馆介绍
  • 公告通知
  • 最新文献
  • 馆藏检索
  • 电子资源
  • 读者导购
  • 参考咨询
  • 我的图书馆
  • 登录
  • 详细信息显示
  • 放入我的书架
  • 预约/预借图书
  • 作者相关作品
  • 分类相关作品
  • 丛书相关作品
  • 出版社相关作品

书目信息

  • 表格格式
  • 工作单格式
  • 卡片格式
题名:
SQL Server 2000 中文版入门与提高
    
 
作者: 周绪 编著
分册:  
出版信息: 北京   清华大学出版社  2001.05
页数: 450页
开本: 16开
丛书名: 软件入门与提高丛书
单 册:
中图分类: TP311.138SQ , TP311.138
科图分类:
主题词: 软件
电子资源:
ISBN: 7-302-04468-6
000 00709nam0 2200229 45
001 0206130808
005 20090305100517.66
010    @a7-302-04468-6@d39.50元
100    @a20020613d2001 km y0chiy0120 ea
101 0  @achi
105    @a z 000yy
200 1  @aSQL Server 2000 中文版入门与提高@ASQL Server 2000 Zhong Wen Ban Ru Men Yu Ti Gao@f周绪等编著@Fzhou xu deng bian zhu
210    @a北京@c清华大学出版社@d2001.05
215    @a450页@d16开
225    @a软件入门与提高丛书
410    @12001 @a软件入门与提高丛书
606 0  @a软件
690    @aTP311.138SQ@v3
690    @aTP311.138@v4
701  0 @a周绪@Azhou xu@4编著
801    @aCN@bPftUser@c20090305
905    @aBZT@b340403-407@dTP311.138@e31@f5
    
    SQL Server 2000 中文版入门与提高/周绪等编著.-北京:清华大学出版社,2001.05
    450页;16开.-(软件入门与提高丛书)
    
    
    ISBN 7-302-04468-6:39.50元
    
●
相关链接 在五车中查询图书 在当当中查询图书 在豆瓣中查询图书


正题名:SQL Server 2000 中文版入门与提高     索取号:TP311.138/31         预约/预借

序号 登录号 条形码 馆藏地/架位号 状态 备注
1 340404   201166567   中心书库中库/ 中库028架A面4列4层13/ [索取号:TP311.138/31] 在馆    
2 340405   201166576   中心书库中库/ 中库028架A面4列4层12/ [索取号:TP311.138/31] 在馆    
3 340407   201166594   中心书库中库/ 中库028架A面4列4层14/ [索取号:TP311.138/31] 在馆    
山东省滨州职业学院图书馆 欢迎您!
大连网信软件有限公司© 版权所有